000 00379nam a2200097Ia 4500
005 20250424112851.0
008 250424s9999 xx 000 0 und d
300 _a163 p. :ill. ; 23 cm.
650 _aWar (International law)--Periodicals. Humanitarian law--Periodicals. Pacific settlement of international disputes--Periodicals. Security, International--Periodicals.
942 _cSR
999 _c37591
_d37591